000 00243nmm a2200097Ia 4500
008 220120s9999||||xx |||||||||||||||||und||
020 _a978-0-07-060092-8
100 _aEFY
245 0 _aEmbedded for you digital editor
260 _aEFY
_bNew Delhi
999 _c139998
_d139998